000
00191 a2200097 4500
020
_a
046594202956
041
_a
eng
100
_a
Maurice Sendak
245
_a
No fighting no biting
942
_c
K
999
_c
28387
_d
28387